Modern digital and analog communication systems (Record no. 3338)

000 -LEADER
fixed length control field 00757nam a2200241 a 4500
001 - CONTROL NUMBER
control field 3338
003 - CONTROL NUMBER IDENTIFIER
control field BD-DhUET
008 - FIXED-LENGTH DATA ELEMENTS--GENERAL INFORMATION
fixed length control field 970520s1998 nyua b 000 0 eng
020 ## - INTERNATIONAL STANDARD BOOK NUMBER
International Standard Book Number 0195110099
040 ## - CATALOGING SOURCE
Original cataloging agency DLC
Transcribing agency DLC
Modifying agency BD-DhUET
082 00 - DEWEY DECIMAL CLASSIFICATION NUMBER
Classification number 623.80413
Item number LAT/1998
100 1# - MAIN ENTRY--PERSONAL NAME
Personal name Lathi, B. P.
245 10 - TITLE STATEMENT
Title Modern digital and analog communication systems
250 ## - EDITION STATEMENT
Edition statement 3rd ed.
260 ## - PUBLICATION, DISTRIBUTION, ETC. (IMPRINT)
Place of publication, distribution, etc. New York
Name of publisher, distributor, etc. Oxford University Press
Date of publication, distribution, etc. 1998
300 ## - PHYSICAL DESCRIPTION
Extent xiii,781p.
Other physical details ill.
Dimensions 25 cm.
504 ## - BIBLIOGRAPHY, ETC. NOTE
Bibliography, etc Includes bibliographies
650 #0 - SUBJECT ADDED ENTRY--TOPICAL TERM
Topical term or geographic name as entry element Telecommunication systems
650 #0 - SUBJECT ADDED ENTRY--TOPICAL TERM
Topical term or geographic name as entry element Digital communications
856 42 - ELECTRONIC LOCATION AND ACCESS
Uniform Resource Identifier http://www.loc.gov/catdir/enhancements/fy0605/97016040-d.html
856 41 - ELECTRONIC LOCATION AND ACCESS
Uniform Resource Identifier http://www.loc.gov/catdir/enhancements/fy0605/97016040-t.html
942 ## - ADDED ENTRY ELEMENTS (KOHA)
Koha item type General Book
Holdings
Shelving location Not for loan Koha full call number Copy number Sublocation or collection (holding branch) Koha date last borrowed Location (home branch) Piece designation (barcode) Withdrawn status Koha item type Koha date last seen Lost status Date acquired Koha normalized classification for sorting Damaged status Price effective from Koha issues (times borrowed) Source of classification or shelving scheme
Circulation section 623.80413/LAT/19981Central Library, BUET2025-04-21Central Library, BUET101682 General Book2025-04-26 2014-10-26623_804130000000000_LAT_1998 2014-10-2614 
Circulation section 623.80413/LAT/19982Central Library, BUET2024-03-06Central Library, BUET100034 General Book2024-09-07 2014-10-27623_804130000000000_LAT_1998 2014-10-273 
Circulation section 623.80413/LAT/19983Central Library, BUET2025-05-05Central Library, BUET100033 General Book2025-12-01 2014-10-27623_804130000000000_LAT_1998 2014-10-274 
Reading section 623.80413/LAT/19984Central Library, BUET Central Library, BUET101684 General Book2015-06-25 2015-06-25623_804130000000000_LAT_1998 2015-06-25